LEGO Themes - Sudden Death - Statistics

General Stats
  • This quiz has been taken 1,198 times
    341 since last reset
  • The average score is 15 of 28
Answers on the Grid
Answers color-coded by a green-red scale on the quiz's grid according to % correct below.
Alien
Avatar: The Last Airbender
Back to the Future
Ben 10
Bob the Builder
Brawl Stars
Bullet Train
Castle
Dragon Ball
Earthsea
Fallout
Fortnite
Friends
Ghost of Tsushima
Ghostbusters
God of War
Squid Game
Gravity Falls
Halo
Harry Potter
Horizon: Forbidden West
Image Comics
Inspector Gadget
John Wick
Jurassic World
Mad Max
Marvel
Masters of the Universe
Minecraft
Neon Genesis Evangelion
Overwatch
Pirates of the Caribbean
Planet of the Apes
Pokémon
Prince of Persia
Shrek
Sonic the Hedgehog
SpongeBob SquarePants
Squid Game
Star Trek
Star Wars
Super Mario
Teenage Mutant Ninja Turtles
Terminator
The Lone Ranger
The Lord of the Rings
The Umbrella Academy
Toy Story
Wednesday
Winnie the Pooh
Witcher
World of Warcraft
 
Answer Stats
Answer % Correct
Harry Potter
80%
Fortnite
76%
Back to the Future
73%
Jurassic World
73%
Marvel
73%
Minecraft
73%
Friends
72%
Ghostbusters
69%
Star Wars
68%
Pirates of the Caribbean
64%
Super Mario
63%
The Lord of the Rings
61%
Avatar: The Last Airbender
55%
Pokémon
54%
Toy Story
53%
Sonic the Hedgehog
52%
SpongeBob SquarePants
52%
Castle
49%
Teenage Mutant Ninja Turtles
49%
Wednesday
42%
Winnie the Pooh
42%
Overwatch
37%
Ben 10
36%
Star Trek
36%
The Lone Ranger
34%
Horizon: Forbidden West
33%
Prince of Persia
28%
Bob the Builder
16%
No matching quizzes found
Score Distribution
Percent of People with Each Score
Percentile by Number Answered
Your Score History
You have not taken this quiz since the last reset